Statistics for Largest Cities In Alaska

Click here to take the quiz!

General Stats

  • This quiz has been taken 46 times
  • The average score is 5 of 8

Answer Stats

Pop.City% Correct
294,356Anchorage
100%
32,094Juneau
100%
31,644Fairbanks
93%
8,272Ketchikan
62%
8,689Sitka
59%
10,151Wasilla
59%
7,209Palmer
17%
7,790Kenai
10%

Score Distribution

Percentile by Number Answered

Percent of People with Each Score

Your Score History

You have not taken this quiz